Score 0/41 Timer 10:00
0 Plays Today
% Correct
Wayne Rooney
95.9%
Cristiano Ronaldo
95.7%
Thierry Henry
95.1%
Mohamed Salah
94.9%
Steven Gerrard
94.7%
Luis Suárez
94.7%
Gareth Bale
94.4%
Ryan Giggs
94%
John Terry
93.8%
Robin van Persie
93.1%
Eden Hazard
93.1%
N'Golo Kanté
92.3%
Virgil van Dijk
91%
Riyad Mahrez
90.9%
Eric Cantona
90.2%
Roy Keane
88.7%
Ruud van Nistelrooy
87.3%
Alan Shearer
87%
Dennis Bergkamp
83.9%
Gary Lineker
83.6%
Teddy Sheringham
72.1%
% Correct
John Barnes
71.3%
Kenny Dalglish
70%
Ian Rush
69.1%
Kevin Keegan
67.1%
Mark Hughes
64%
David Ginola
62.3%
Les Ferdinand
55.2%
Peter Shilton
53.5%
David Platt
48.7%
Peter Reid
38.5%
Andy Gray
34.8%
Gary Pallister
34.2%
Paul McGrath
32.2%
John Wark
22%
Clive Allen
20%
Terry McDermott
19.6%
Pat Jennings
19.4%
Liam Brady
19.3%
Norman Hunter
13%
Colin Todd
10.1%
Remove Ads.
Support Sporcle.
Get the best of Sporcle when you Go Orange. This ad-free experience offers more features, more stats, and more fun while also helping to support Sporcle. Thank you for becoming a member.

You're not logged in!

Compare scores with friends on all Sporcle quizzes.
OR
Log In

Sporcle TV

Today on Sporcle TV


Watch our educational content, quiz creation guides, and fun videos on Sporcle TV.

Show Comments

Extras

Top Quizzes Today


Score Distribution

Paid Content

Your Account Isn't Verified!

In order to create a playlist on Sporcle, you need to verify the email address you used during registration. Go to your Sporcle Settings to finish the process.

Report this User

Report this user for behavior that violates our Community Guidelines.

Details: